00488nam a2200145Ia 4500008004100000020001800041082001600059100002900075245004200104260001800146500002300164942000700187952013300194999001500327260604s9999 xx 000 0 und d a9781836599531 a338.502 MAR aBy david martinez935671 0aIntroduction To Managerial Economics. bEd-Tech Press aManagerial Economy cBK 00104070aIIMVbIIMVcLOCKERd2026-06-04g19544.25l0o338.502 MARp004113r2026-06-04 10:20:29v19544.25w2026-06-04yBKBMAR c8495d8495